000 00748nam a2200217 i 4500
001 150437
003 ES-MaACL
005 20231205202559.0
007 t|
008 071030s1972 sp ||||1| spa d
100 1 _aValcarce Alfayate, Enrique.
_9112463
245 1 3 _aLa buena ventura del ex-monje Lemercier /
_cEnrique Valcarce Alfayate ; prólogo de Juan José López Ibor.
260 _aMadrid :
_bPrensa Española,
_c[1972]
300 _a228 p. ;
_c19 cm.
490 1 _aColección "Vislumbres" ;
_v25
600 1 4 _aLemercier, Gregoire.
_971470
700 1 _aLópez Ibor, Juan José,
_d1906-1991
_973703
830 0 _aColección "Vislumbres" ;
_v25
_9181385
852 _aES-MaACL
_jC-50625
_bR.80426
999 _c150437
_d150437